Sociální pomoc v Japonsku.

Štátna administratíva v Japonsku sa orientuje predovšetkým na problematiku starých občanov, zdravotne postihnutých, na pomoc ženám a deťom, ktorým sa garantuje minimálny životný štandard, dôchodky a základná zdravotná starostlivosť. Metódy a formy starostlivosti a sociálnej pomoci starým a zdravotne...

Full description

Saved in:
Bibliographic Details
Main Author: Sedláček, O.
Format: Book Chapter
Language:Czech
Subjects:
Tags: Add Tag
No Tags, Be the first to tag this record!

MARC

LEADER 00000naa a2200000 4500
001 r013136
005 20221213083124.6
041 0 |a cze 
044 |a CZ 
245 1 0 |a Sociální pomoc v Japonsku.  |c O. Sedláček 
520 |a Štátna administratíva v Japonsku sa orientuje predovšetkým na problematiku starých občanov, zdravotne postihnutých, na pomoc ženám a deťom, ktorým sa garantuje minimálny životný štandard, dôchodky a základná zdravotná starostlivosť. Metódy a formy starostlivosti a sociálnej pomoci starým a zdravotne postihnutým občanom. 
610 2 0 |a pomoc sociálna 
610 2 0 |a Japonsko 
610 2 0 |a zabezpečenie sociálne 
610 2 0 |a starostlivosť sociálna 
610 2 0 |a starostlivosť zdravotná 
100 1 |a Sedláček, O.